Statistics for Premier of the People's Republic of China 中国国务院总理

Click here to take the quiz!

General Stats

  • This quiz has been taken 1 824 times
    (1 634 since last reset)
  • The average score is 6 of 8

Answer Stats

YearsPremier% Correct
2013-2023Li Keqiang 李克强
97%
1954-1976Zhou Enlai 周恩来
97%
2023-PresentLi Qiang 李强
93%
2003-2013Wen Jiabao 温家宝
86%
1998-2003Zhu Rongji 朱镕基
76%
1987-1998Li Peng 李鹏
62%
1980-1987Zhao Ziyang 赵紫阳
62%
1976-1980Hua Guofeng 华国锋
61%

Score Distribution

Percentile by Number Answered

Percent of People with Each Score

Your Score History

You have not taken this quiz since the last reset